Национальная экономика

Бібліографічні деталі
Автор: Корниенко О. В. Олег Васильевич
Резюме:Пособие подготовлено в соответствии с действующим Государственным образовательным стандартом по курсу национальной экономики. В книге в формате «вопрос—ответ» дана характеристика структуры экономики России, хозяйственная характеристика отдельных регионов страны, рассмотрены основные сферы национальной экономики, показана роль РФ в мировой экономике.Предназначено для подготовки к экзамену по курсу «Национальная экономика».
Мова:Російська
Опубліковано: СПб., Питер, 2008
Серія:Завтра экзамен
Предмети:
Формат: MixedMaterials Книга
KOHA link:https://koha.lib.tpu.ru/cgi-bin/koha/opac-detail.pl?biblionumber=135750

MARC

LEADER 00000nam0a2200000 4500
001 135750
005 20231101220554.0
010 |a 9785911807955 
035 |a (RuTPU)RU\TPU\book\147115 
090 |a 135750 
100 |a 20080414d2008 m y0rusy50 ca 
101 0 |a rus 
102 |a RU 
105 |a a z 001zy 
200 1 |a Национальная экономика  |f О. В. Корниенко 
210 |a СПб.  |c Питер  |d 2008 
215 |a 256 с.  |c ил. 
225 1 |a Завтра экзамен 
320 |a Библиография: с. 253-254. 
330 |a Пособие подготовлено в соответствии с действующим Государственным образовательным стандартом по курсу национальной экономики. В книге в формате «вопрос—ответ» дана характеристика структуры экономики России, хозяйственная характеристика отдельных регионов страны, рассмотрены основные сферы национальной экономики, показана роль РФ в мировой экономике.Предназначено для подготовки к экзамену по курсу «Национальная экономика». 
606 1 |a Национальная экономика  |y Россия  |2 stltpush  |3 (RuTPU)RU\TPU\subj\71813  |9 85551 
610 1 |a экономика 
610 1 |a Россия 
610 1 |a Российская Федерация 
610 1 |a национальная экономика 
610 1 |a уровень жизни 
610 1 |a предприятия 
610 1 |a безработица 
610 1 |a теневая экономика 
610 1 |a природные ресурсы 
610 1 |a промышленность 
610 1 |a сельское хозяйство 
610 1 |a транспорт 
610 1 |a строительство 
610 1 |a сфера услуг 
610 1 |a финансовая система 
610 1 |a налоги 
610 1 |a страхование 
610 1 |a переходная экономика 
610 1 |a регионы 
610 1 |a региональная экономика 
610 1 |a международные экономические отношения 
610 1 |a учебные пособия 
686 |a У9(2)0я73  |v LBC/SL-A  |2 rubbk 
700 1 |a Корниенко  |b О. В.  |g Олег Васильевич 
801 1 |a RU  |b 63413507  |c 20080414  |g PSBO 
801 2 |a RU  |b 63413507  |c 20140130  |g PSBO 
942 |c BK 
955 |a 521600  |b 080100 
959 |a 39/20080403  |d 1  |e 74,70  |f ЧЗГЛ:1